000 00635nam a22002297a 4500
005 20170124110001.0
010 _a388959
020 _c00.00
035 _a388959
037 _bCen Lib/Ret
040 _aDPL
_bEN
082 _a368.4
_bMAM
100 _aMamoria, C.B.
_96879
245 _aPrinciples of social security /
_cby C.B. Mamoria
260 _aNew Delhi
_bKitab Mahal
_c1965
270 _bNew Delhi
300 _axiv, 366p.
_c21cm(Hb)
500 _aIncludes bibliographical references and index
650 _aCommerce
_986289
650 _aSocial security
_915895
942 _2ddc
_cEN
_h368.4
_mMAM
999 _c125892
_d125892